Determinants of Angola's parallel market real exchange rate

Gespeichert in:
Bibliographische Detailangaben
1. Verfasser: Gelbard, Enrique
Weitere Verfasser: Nagayasu, Jun
Format: Buch
Sprache:Englisch
Veröffentlicht: Washington IMF 1999
Schriftenreihe:IMF working paper W/99/90
Schlagworte:
Tags: Tag hinzufügen
Keine Tags, Fügen Sie das erste Tag hinzu!

MARC

LEADER 00000nam a2200000 4500
001 c116287
005 20221221082009.4
041 0 |a eng 
044 |a US 
245 1 0 |a Determinants of Angola's parallel market real exchange rate  |c Prepared by Enrique Gelbard, Jun Nagayasu 
264 1 |a Washington  |b IMF  |c 1999 
300 |a 14 s. 
490 1 |a IMF working paper  |v W/99/90 
830 0 |a IMF working paper  |v W/99/90 
610 2 0 |a kurz menový reálny 
610 2 0 |a kurz výmenný 
610 2 0 |a trh menový 
610 2 0 |a Angola 
610 2 0 |a integrácia 
100 1 |a Gelbard, Enrique 
700 1 |a Nagayasu, Jun